|
|
|
|
| LEADER |
00598cam a2200145 7i4500 |
| 001 |
0000028312 |
| 005 |
20120925090000.0 |
| 020 |
0 |
0 |
|a 9789678918336
|
| 090 |
0 |
0 |
|a M 342
|b PER
|
| 245 |
0 |
0 |
|a Perlembagaan dan undang-undang Am :
|b [panduan kepada calon-calon peperiksaan undang-undang kerajaan] :
|b [panduan kepada calon-calon peperiksaan undang-undang kerajaan] :
|b (hingga 20 November 2007).
|
| 260 |
0 |
0 |
|a Kuala Lumpur:
|b International Law Book Services,
|c 2007.
|
| 300 |
# |
# |
|a 734 p.
|
| 650 |
0 |
0 |
|a Constitutional law --
|z Malaysia
|
| 651 |
0 |
0 |
|a Malaysia
|
| 999 |
|
|
|a 0000030830
|b Book
|c Malaysia
|e Business Information Centre
|